000 00674nam a2200277Ia 4500
005 20260324111946.0
008 008 260324s9999 xx 000 0 eng d
020 _a9781003510406
037 _aEBOOK
040 _aCRL
040 _beng
040 _cCRL
041 _2eng
041 _aeng
084 _qCRL
100 _aMichelle Kelly-Louw; Duygu Damar-Blanken
_91140719
245 0 _aFinancial Inclusion Law and Over-Indebtedness
260 _bTaylor and Francis
260 _c2025
365 _a
365 _b255
856 _uhttp://www.taylorfrancis.com/books/9781003510406
942 _cEBOOK
999 _c1729728
_d1729728